[Event "USA-ch"]
[Site "Saint Louis"]
[Date "2009.05.11"]
[Round "4"]
[White "Akobian, Varuzhan"]
[Black "Becerra Rivero, Julio"]
[Result "1-0"]
[WhiteElo "2612"]
[BlackElo "2609"]
[Annotator "Ftacnik,L"]
[PlyCount "91"]
[EventDate "2009.05.08"]
[EventType "swiss"]
[EventRounds "9"]
[EventCountry "USA"]
[SourceTitle "CBM 130"]
[Source "ChessBase"]
[SourceDate "2009.05.20"]
[SourceVersion "1"]
[SourceVersionDate "2009.05.20"]
[SourceQuality "1"]

1. d4 d5 2. c4 c6 3. Nc3 Nf6 4. e3 e6 5. Nf3 Nbd7 6. Qc2 Bd6 7. Bd3 dxc4 8.
Bxc4 b5 9. Be2 Bb7 10. O-O O-O 11. Rd1 Qc7 12. e4 e5 13. Bg5 exd4 {In the line
with early 13.Bg5 black is forced to seek clarification in the center. The
waiting moves can lead to problems in the fight against whites bishop pair.} (
13... Rfe8 14. Rac1 (14. dxe5 Bxe5 15. Nxe5 Qxe5 16. Be3 Qe7 17. f3 a6 18. Qd2
c5 19. Qd6 Rac8 20. Qxe7 Rxe7 21. Rd6 Re6 22. Rad1 $16 {1/2-1/2 Sakalauskas,V 
(2423)-Fressinet,L (2654)/Plovdiv 2003 (58)}) 14... Rac8 15. Qd2 a6 (15... Qb8
16. dxe5 Bxe5 17. Nxe5 Qxe5 18. f3 a6 19. Be3 c5 20. Qd6 b4 21. Qxe5 Rxe5 22.
Na4 $16 {1-0 Moiseenko,A (2653)-Ippolito,D (2392)/Lindsborg 2004 (33)}) 16.
dxe5 Bxe5 17. Nxe5 Qxe5 18. f3 c5 19. Bf4 Qe6 20. a4 b4 21. Nb1 Bd5 22. Qe3 $16
{1-0 Drozdovskij,Y (2561)-Korobov,A (2543)/Poltava 2006 (35)}) 14. Rxd4 b4 15.
Rad1 $5 $146 {[%mdl 8] Akobian is not satisfied with the small advantage white
was so far able to squeeze in the line with 15.Bxf6. His novelty opens new
possibilities in the rich position.} (15. e5 Nxe5 16. Bxf6 bxc3 17. Rad1 Nxf3+
18. Bxf3 Rfe8 19. Qxc3 Bxh2+ 20. Kh1 Be5 21. Bxe5 Qxe5 22. Qb3 c5 23. Rd7 Bxf3
24. Qxf7+ Kh8 25. Qxf3 {1/2-1/2 Browne,W (2492)-Shulman,Y (2573)/San Francisco
2002}) (15. Bxf6 Nxf6 16. Na4 Rfe8 (16... Ng4 17. h3 Ne5 18. Nxe5 Bxe5 19. Rxb4
Qe7 20. Nc5 Bd6 21. Rc4 Bc8 22. Bg4 Rb8 23. Bxc8 Qe5 24. g3 (24. Nd7 Qh2+ 25.
Kf1 Qh1+ 26. Ke2 Qxa1 27. Nxb8 Bxb8 28. Rxc6 Be5 29. b4 Qd4 30. b5 $16) 24...
Rxb2 25. Nd7 Rxc2 26. Nxe5 Bxe5 27. Rxc2 Bxa1 28. Rxc6 $14 {1/2-1/2 Tukmakov,V
(2562)-Khenkin,I (2611)/Geneve 2004 (42)}) 17. Rad1 Bf8 18. Bd3 c5 19. Rxb4
Rad8 (19... Rac8 20. Rxb7 Qxb7 21. e5 Nh5 22. Bxh7+ Kh8 23. Be4 Qe7 24. g3 g6
25. Nc3 Bh6 26. Bxg6 $18 {1-0 Dydyshko,V (2520)-Miroshnichenko,E (2465)/
Swidnica 2000}) 20. Rxb7 Qxb7 21. e5 Ne4 22. Re1 f5 23. Nc3 Nxc3 24. Qxc3 g6
25. Bc4+ Kh8 26. b3 $14 {1-0 Ftacnik,L (2597)-Ippolito,D (2413)/Las Vegas 2006
(79)}) 15... Bc5 (15... Bxh2+ 16. Nxh2 bxc3 17. Qxc3 c5 18. f3 Qg3 19. Rxd7
Nxd7 20. Be7 $16) (15... bxc3 16. Rxd6 cxb2 17. e5 b1=Q 18. Qxb1 Nd5 19. Qc2
Rac8 20. Bf4 $16) 16. Rxd7 $1 Nxd7 17. Na4 Bb6 {The natural retreat of the
bishop is not bad, but black could test white's nerves with the clever idea of
forcing the material imbalance on the board.} (17... h6 18. Bf4 Qxf4 19. Rxd7
Bc8 20. g3 Bxf2+ 21. Kxf2 Qb8 22. Rd4 $16) (17... Bd6 $5 18. Qd2 Nb6 (18... Nc5
19. e5 Qa5 (19... Be7 $2 20. Bxe7 Qxe7 21. Qxb4 $18) 20. exd6 Nxa4 21. a3 $16)
19. Nxb6 axb6 20. Qxd6 Qxd6 21. Rxd6 Rxa2 22. Bc1 Ra1 23. Rd1 c5 24. e5 Bd5 $14
) 18. Be7 Ne5 {Becerra is looking for simplifications in order to avoid
unpleasant white's pressure after simple rook move.} (18... Rfe8 19. Bd6 Qc8
20. Bc4 h6 (20... Nf8 21. Ng5 Ne6 22. Nxe6 fxe6 23. Bxb4 $16) 21. Qb3 Rxe4 22.
Bxf7+ Kh8 23. Bg6 c5 24. Bxe4 Bxe4 25. Nxb6 axb6 26. Ne5 $14) 19. Bd6 Nxf3+ 20.
Bxf3 Qc8 21. Bxf8 {Akobian could have tested his opponent with the
consequently positional approach 21.Nc5!?. Despite the spare exchange black
would have had to defend with utmost care.} (21. Nc5 $5 Bxc5 22. Qxc5 Re8 23.
h3 a5 24. e5 g6 25. b3 $16) 21... Qxf8 (21... Kxf8 22. Nc5 Kg8 23. e5 $16) 22.
e5 Rd8 $2 {The critical moment of the game, as black is missing a great chance
to limit the demage with simple attack against the e5 pawn. In the endgame
fight of queen and bishops his suffering will be immense.} (22... Qe7 $1 23.
Qc4 (23. Qf5 Rd8 $11) 23... Qxe5 24. Nxb6 axb6 25. Qxb4 Qc7 26. Qe4 Rb8 $14)
23. Nxb6 axb6 24. g3 Rxd1+ (24... g6 25. Rxd8 Qxd8 26. Bxc6 $16) 25. Qxd1 Qe7
26. Qd4 (26. Qd6 $2 Qxd6 27. exd6 Kf8 $17) 26... b5 (26... c5 $2 27. Qd6 Qxd6
28. exd6 Bc8 29. Bc6 c4 30. d7 $18) 27. Qa7 $1 Qc7 (27... Qd7 28. Qb8+ Bc8 29.
Qb6 Bb7 30. Bg4 Qe7 31. Qa7 Qc7 32. Qc5 $16) 28. Qc5 {Black is in terrible
shape as his passive pieces can only wait for white to improve his position.}
g6 (28... h6 29. h4 $16) (28... Qa5 29. Qe7 Qa8 30. Bh5 g6 31. Bg4 $18) 29. Kg2
Kg7 30. h4 h5 31. b3 Ba8 (31... Kg8 32. e6 fxe6 33. Qxb4 $16) 32. e6 $1 {
The key move for the further development of the game. Despite material balance
black will suffer due to his second rate pawn structure.} fxe6 (32... Kf6 33.
exf7 Kxf7 34. Qxb4 $18) 33. Qxb4 Qa7 34. Qc3+ Kh7 (34... Kf7 35. Qh8 Qxa2 36.
Qh7+ Kf6 37. Qg8 $18) 35. b4 Qxa2 (35... c5 36. bxc5 Bxf3+ 37. Kxf3 Qxa2 38.
Qd4 $16) 36. Qf6 Qa7 37. Be4 Qg7 (37... c5 38. Qxg6+ Kh8 39. Qxh5+ Kg8 40. Qe8+
$18) 38. Qxe6 {The position like this was on white's mind when he was dreaming
about ways to realize his huge advantage.} Bb7 (38... Qg8 39. Qe5 Qf7 40. Qxh5+
Kg7 41. Qg4 $18) 39. g4 $1 Kh6 (39... hxg4 40. h5 Kh6 41. hxg6 Kg5 (41... Qd4
42. Qe7 $18) 42. Qf5+ Kh6 43. Qxg4 $18) 40. gxh5 Kxh5 41. f3 Kh6 (41... Qb2+
42. Kg3 Qg7 43. Qg4+ Kh6 44. Qg5+ Kh7 45. h5 $18) 42. h5 $1 {Akobian is
opening the kingside since he is playing virtually with a spare piece.} Qb2+ (
42... Kxh5 $2 43. Qg4+ Kh6 44. Qh4#) (42... c5 43. Bxg6 $18) 43. Kg3 Qg7 44.
hxg6 Qc7+ 45. f4 Bc8 46. Qf6 1-0

[Event "NED-ch45"]
[Site "Hilversum"]
[Date "1990.06.13"]
[Round "3"]
[White "Douven, Rudy C"]
[Black "Piket, Jeroen"]
[Result "0-1"]
[WhiteElo "2440"]
[BlackElo "2495"]
[Annotator "Ftacnik,L"]
[PlyCount "82"]
[EventDate "1990.06.11"]
[EventType "tourn"]
[EventRounds "11"]
[EventCountry "NED"]
[EventCategory "9"]
[SourceTitle "CBM 019"]
[Source "ChessBase"]
[SourceDate "1990.12.01"]
[SourceVersion "1"]
[SourceVersionDate "1990.12.01"]
[SourceQuality "1"]

1. d4 d5 2. c4 c6 3. Nc3 Nf6 4. e3 e6 5. Nf3 Nbd7 6. Qc2 Bd6 7. Be2 O-O 8. O-O
dxc4 9. Bxc4 b5 10. Be2 Bb7 11. Bd2 $6 (11. e4 e5 12. dxe5 Nxe5 13. Nxe5 Bxe5
14. Be3 Qe7 15. f3 a6 16. a4 $5 $14) 11... a6 12. e4 (12. a4 $22 b4 13. Ne4)
12... e5 13. dxe5 Nxe5 14. Nxe5 Bxe5 15. f4 $2 (15. Be3 Qe7 16. f3 c5 17. a4 $5
$10) 15... Bd4+ 16. Kh1 b4 $1 17. Nd1 Qb6 18. Bd3 g6 19. Re1 Rad8 20. Ne3 c5 $1
21. Nc4 Qe6 22. Re2 Qg4 23. Rf1 Rfe8 $17 24. Be1 Nh5 $1 25. h3 (25. Bd2 $2 Ng3+
26. hxg3 Qh5#) (25. g3 f5) 25... Qd7 (25... Ng3+ $5 26. Bxg3 Qxg3) 26. Rf3 Qc7
$1 (26... f5 27. Ne5 Bxe5 28. fxe5 Rxe5 29. exf5 Rxe2 30. Bxe2 Bxf3 31. Bxf3
$132) 27. Bh4 Rd7 28. f5 g5 $1 29. Be1 Rde7 30. b3 f6 31. g4 $6 Nf4 32. Bg3 Kh8
$1 33. Bxf4 (33. Kh2 h5 $1) 33... gxf4 34. Kh2 Be3 35. Nxe3 Bxe4 $1 36. Bxe4
Rxe4 37. Kg2 Qc6 38. Kf2 Qd6 39. Rd2 $2 fxe3+ 40. Rxe3 Qh2+ 41. Kf3 Rxe3# {
Ftacnik,L} 0-1

[Event "Interzonal-15"]
[Site "Manila"]
[Date "1990.??.??"]
[Round "7"]
[White "Georgiev, Kiril"]
[Black "Dreev, Alexey"]
[Result "0-1"]
[WhiteElo "2580"]
[BlackElo "2615"]
[Annotator "Ftacnik,L"]
[PlyCount "92"]
[EventDate "1990.06.29"]
[EventType "swiss"]
[EventRounds "13"]
[EventCountry "PHI"]
[SourceTitle "CBM 019"]
[Source "ChessBase"]
[SourceDate "1990.12.01"]
[SourceVersion "1"]
[SourceVersionDate "1990.12.01"]
[SourceQuality "1"]

1. d4 d5 2. c4 c6 3. Nf3 Nf6 4. Nc3 e6 5. e3 Nbd7 6. Qc2 Bd6 7. Be2 O-O 8. O-O
dxc4 9. Bxc4 b5 10. Be2 Bb7 11. Rd1 Qc7 12. e4 {N} (12. Ne4 Nxe4 13. Qxe4 Rae8
$1 14. a4 e5 15. h3 c5 16. Qc2 $13 {Gurevich,M-Thorhallsson/Reykjavik op/1988/
->TD88_05}) 12... e5 13. dxe5 Nxe5 14. Nd4 b4 $6 (14... Ng6 15. g3 Rfe8 $13)
15. Nf5 Bc5 16. Na4 Bxf2+ 17. Kxf2 Neg4+ 18. Bxg4 Nxg4+ 19. Kf3 (19. Ke1 $1
Qxh2 20. Qe2 $16) 19... Nxh2+ 20. Kf2 (20. Ke2 $5 Ba6+ 21. Ke1 Rfe8 22. g3 $1 {
/\ Bf4+/-}) 20... Ng4+ 21. Ke1 Qh2 22. Bg5 $2 (22. Qe2 $1 $16) 22... Ba6 $1 23.
Nc5 Qg1+ 24. Kd2 Rfd8+ 25. Bxd8 Rxd8+ 26. Kc1 Rxd1+ 27. Qxd1 Qxc5+ 28. Kb1 (28.
Qc2 Qb6 $40 (28... Qg1+ 29. Qd1) (28... Qe5 29. Qxc6 Qf4+ 30. Kc2 Bd3+ 31. Kb3)
) 28... h5 29. Qd4 Qxd4 30. Nxd4 Bd3+ 31. Kc1 Bxe4 32. g3 g5 33. Kd2 Kg7 34.
Rc1 h4 35. gxh4 gxh4 36. Ne2 $2 (36. Rg1 $5 f5 37. Ne6+ Kf6 38. Nf4 $17) 36...
h3 37. Ng3 Bd5 38. Nh5+ Kh6 39. Nf4 h2 40. Nxd5 cxd5 41. Ke2 Kg5 42. Kf3 d4 43.
Rh1 d3 44. Rd1 f5 45. Rh1 f4 46. b3 a6 {Ftacnik,L} (46... a6 47. Rd1 Ne3 48.
Rh1 d2 $19) 0-1

[Event "WchT 4th"]
[Site "Luzern"]
[Date "1997.11.01"]
[Round "8.1"]
[White "Arencibia Rodriguez, Walter"]
[Black "Akopian, Vladimir Eduardovic"]
[Result "0-1"]
[WhiteElo "2550"]
[BlackElo "2660"]
[Annotator "Ftacnik,L"]
[PlyCount "76"]
[EventDate "1997.10.25"]
[EventType "team-tourn"]
[EventRounds "9"]
[EventCountry "SUI"]
[SourceTitle "CBM 062"]
[Source "ChessBase"]
[SourceDate "1998.01.31"]
[SourceVersion "1"]
[SourceVersionDate "1998.01.31"]
[SourceQuality "1"]
[WhiteTeam "Cuba"]
[BlackTeam "Armenia"]
[WhiteTeamCountry "CUB"]
[BlackTeamCountry "ARM"]

1. d4 d5 2. c4 c6 3. Nc3 Nf6 4. e3 e6 5. Nf3 Nbd7 6. Qc2 Bd6 7. Bd3 dxc4 8.
Bxc4 O-O 9. O-O Qe7 10. h3 e5 11. Bb3 Bc7 12. Bd2 h6 13. Nh4 Re8 (13... exd4
14. exd4 (14. Nf5 Qd8 15. exd4 Nb6 16. Rad1 Be6 {1/2-1/2 Supatashvili,
K-Khavsky,S/URS Army-chT 1990/}) 14... Qd6 15. Nf3 Nb6 16. Rfe1 Nbd5 17. Rac1
Be6 18. Na4 Rad8 19. Nc5 Bc8 20. a3 Nf4 21. Ba2 N6d5 22. Ne5 Qf6 23. Bb1 g6 24.
Ne4 Qg7 25. Ba2 Bf5 {Dreev,A-Wessman,R/Reykjavik Summit 1990/1-0 (71)}) (13...
Rd8 14. Nf5 Qf8 15. Nb5 (15. Ne2 Nb6 16. Neg3 exd4 17. exd4 Nbd5 18. Rae1 Bd7
19. Ne4 Nxe4 20. Qxe4 Bxf5 21. Qxf5 Qd6 22. g3 Bb6 23. Re4 Qd7 24. Qxd7 Rxd7
25. Rfe1 Rad8 26. Bc3 g6 {1/2-1/2 Lukacs,P-Dao Thien Hai/Budapest FS02 GM 1996/
}) (15. Rad1 Nb6 16. dxe5 Bxe5 17. Nh4 Qe8 18. Nf3 Bc7 19. e4 Be6 20. Rfe1 Nfd7
21. Be3 Nc4 22. Bxc4 Bxc4 23. b3 Be6 24. Nb5 Bb8 25. Nbd4 {Ehlvest,J-Liiva,R/
Keres mem rapid 1997/0-1 (65)}) 15... Bb8 16. Ba5 b6 17. Qxc6 bxa5 18. Qxa8 a4
19. Bc4 exd4 20. Nbxd4 g6 21. Ng3 h5 22. Nc6 h4 23. Nxd8 Qxd8 24. Rfd1 hxg3 25.
Qxb8 {1-0 Farago,I-Palac,M/Vinkovci 1993/(32)}) 14. Nf5 (14. Nb5 Bb8 15. Ng6
Qd8 16. dxe5 Nxe5 17. Nd4 Nxg6 18. Qxg6 Nd5 19. Qd3 Qd6 20. Nf3 Nf6 21. Qxd6
Bxd6 22. Rfd1 Ne4 23. Be1 Bf8 24. Bc2 Nd6 25. Bb4 Nb5 26. Bxf8 Kxf8 27. Nd4
Nxd4 28. Rxd4 Be6 {Farago,I-Chernin,A/AUT-chT 1993/1/2-1/2 (115)}) (14. a3 Nf8
15. dxe5 Qxe5 16. f4 Qh5 17. Nf3 Bf5 18. Qd1 Bd3 19. Rf2 Rad8 20. Ne1 Ba6 21.
Qxh5 Nxh5 22. Nc2 Bb6 23. Na4 Ng3 24. Nc3 Ne6 25. Bxe6 Rxe6 26. Re1 Bd3 {
Fridman,D-Kacheishvili,G/WchJM U20 1996/0-1 (60)}) 14... Qf8 (14... Qd8 15.
Rfe1 e4 16. f3 Nb6 17. fxe4 Bxf5 18. exf5 Qd6 19. Kf1 Rad8 20. Qd1 Qh2 21. Qf3
Bg3 22. Ke2 Bxe1 23. Bxe1 Qd6 24. Kf1 Qe7 25. Bf2 {Kuzmin,A-Chernin,A/Biel op
1995/1/2-1/2 (49)}) 15. Rad1 Kh8 (15... Nb6 $2 16. Nxh6+ $1 gxh6 17. Qg6+ Qg7
18. Bxf7+ Kf8 19. Bxe8 $14) 16. d5 (16. Ne2 Nb6 $13) 16... Nc5 (16... cxd5 17.
Nxd5 Nxd5 18. Bxd5 Bb6 19. Bc3 $14) 17. dxc6 bxc6 (17... Nxb3 18. cxb7 Bxf5 19.
Qxf5 Rab8 20. axb3 Rxb7 21. e4 $14) 18. Bc4 Rb8 19. Ng3 (19. b3 e4 20. Ng3 Qe7
$13) 19... e4 20. Nce2 Nd5 (20... Nd3 $6 21. Bc3 $14) 21. Nd4 (21. a3 $5 a5 22.
Bc1 $14) 21... Qd6 22. Rc1 Re5 $1 {Black is not only solving the problems in
the center, but also preparing the pieces for a violent kingside attack.
Schwarz löst nicht nur seine Problemen im Zentrum, sondern bereitet die
Figuren für einen gewaltigen Königsangriff vor.} 23. Rfd1 (23. b4 Nxb4 (23...
Ne6 24. f4 exf3 25. Nxf3 Nxe3 26. Bxe3 Rxe3 27. Nf5 Qf4 28. Nxe3 Qxe3+ 29. Kh1
Rxb4 $11) 24. Bxb4 Rxb4 25. Bxf7 Ba6 $132) 23... Rg5 24. Nde2 (24. Bxd5 $2 Rxd5
25. b4 Nd3 26. Nxc6 Nxc1 27. Nxb8 Nd3 $17) 24... Qg6 25. Nf4 (25. Bxd5 Rxd5 26.
Nf4 (26. b4 Nd3 27. Qxc6 Nxc1 28. Qxd5 Nxe2+ 29. Nxe2 Bxh3 $19) 26... Bxf4 27.
exf4 e3 28. Qxg6 exf2+ 29. Kxf2 fxg6 $17) 25... Nxf4 26. exf4 Rxg3 $1 27. fxg3
Qxg3 (27... Bxh3 28. Be3 Nd3 29. Bxd3 exd3 30. Qf2 Bg4 $15) 28. Be1 (28. Bxf7
Nd3 29. Rf1 Bxh3 30. Bc3 Nxc1 $19) (28. Qc3 Nd3 29. Bxd3 exd3 30. Qxc6 (30. Be1
Qxf4 31. Rxd3 Qh2+ 32. Kf2 Ba6 $19) 30... Bb6+ 31. Kh1 Bb7 32. Be1 Bf2 33. Bxf2
Qxf2 $19) 28... Qxf4 29. Qf2 (29. g3 Qg5 30. h4 Qe7 31. b4 Nb7 $17) 29... Qh2+
30. Kf1 Nd3 31. Bxd3 exd3 {The picture of success, black has two pawns and an
attack for the sacrificed exchange. Das Bild vom Erfolg, Schwarz besitzt zwei
Bauern und Angriff für die geopferte Qualität.} 32. Rxc6 (32. Bc3 d2 33. Qxd2
Ba6+ 34. Kf2 Bf4 35. Qc2 (35. Qd4 Qg3+ 36. Kg1 Be3+ $19) 35... Re8 $19) 32...
Bb6 33. Rxb6 (33. Qf3 Qg1#) 33... Rxb6 34. Bc3 (34. Rxd3 Ba6 $19) 34... Rg6 35.
Qf3 (35. Rd2 Bxh3 $19) 35... Rg5 (35... Rxg2 $142 $1 36. Qxg2 Bxh3 37. Qxh3
Qxh3+ $19) 36. g4 (36. Qxd3 Rxg2 $19) 36... d2 $1 37. Rxd2 (37. Qg2 $1 Qf4+ 38.
Qf2 (38. Kg1 Bxg4 $19) 38... Ba6+ 39. Kg2 Bb7+ (39... Rxg4+ $2 40. hxg4 Qxg4+
41. Qg3) 40. Kf1 Qc4+ 41. Qe2 Bg2+ 42. Kf2 Qxe2+ 43. Kxe2 Bxh3 44. Rxd2 Bxg4+
$19) 37... Ba6+ 38. Ke1 Qg1+ 0-1

[Event "Baden-Baden-B"]
[Site "Baden-Baden"]
[Date "1992.12.11"]
[Round "6"]
[White "Uhlmann, Wolfgang"]
[Black "Schlosser, Philipp"]
[Result "1-0"]
[WhiteElo "2480"]
[BlackElo "2500"]
[Annotator "Ftacnik,L"]
[PlyCount "123"]
[EventDate "1992.12.??"]
[EventType "tourn"]
[EventRounds "11"]
[EventCountry "GER"]
[EventCategory "11"]
[SourceTitle "CBM 033"]
[Source "ChessBase"]
[SourceDate "1993.04.01"]
[SourceVersion "1"]
[SourceVersionDate "1993.04.01"]
[SourceQuality "1"]

1. c4 e6 2. Nc3 d5 3. d4 c6 4. e3 Nf6 5. Nf3 Nbd7 6. Qc2 Bd6 7. Be2 dxc4 8.
Bxc4 O-O 9. O-O Qe7 10. h3 c5 (10... a6 11. e4 e5 12. Rd1 b5 13. Bf1 $14 {
Karpov,A-Anand,V/Brussels/1991/}) 11. dxc5 Bxc5 12. e4 (12. Bd3 a6 13. b3 Bd6
14. Rd1 Rd8 15. Ng5 Nf8 16. Nge4 Nxe4 17. Nxe4 Be5 18. Bb2 Bxb2 19. Qxb2 Bd7
$10 {Polgar,Zs-Kuczynski,R/Polanica Zdroj/1991/}) 12... Bd6 13. Nb5 (13. Nd4
Ne5 14. Bb3 Bd7 15. Be3 Ng6 $10) 13... Bb8 $6 (13... Ne5 14. Nxe5 Bxe5 15. f4
Qc5+ 16. Kh2 (16. Rf2 Bd4 $1) 16... Bd7 $1 17. a4 $2 (17. b4 $5 Qc8 18. fxe5
Bxb5 19. exf6 Qxc4 20. Qxc4 Bxc4 21. fxg7 Kxg7 22. Rf3 $14) 17... Bxb5 18. axb5
Bd4 19. Qe2 e5 $15 {Korchnoi,V-Timman,J/Brussels/1991/}) 14. b3 b6 (14... a6
15. Ba3 Nc5 16. Nbd4 $16) 15. e5 $1 (15. Ba3 Nc5 16. e5 Nfd7) 15... Nd5 (15...
Nxe5 16. Nxe5 Bxe5 17. Ba3 Qb7 18. Bxf8 Kxf8 (18... Bxa1 19. Bd6 $18) 19. Rad1
$16) 16. Ba3 Nc5 17. Bxd5 exd5 18. Rac1 $5 (18. Nbd4) 18... f6 $5 (18... Bxe5
19. Rfe1 f6 20. Bxc5 bxc5 21. Nxe5 fxe5 22. Qxc5 $16) (18... Ba6 19. Bxc5 bxc5
20. Qxc5 $16) 19. Bxc5 bxc5 20. Qxc5 Qxc5 21. Rxc5 fxe5 22. Rfc1 $5 (22. Nc7
Bxc7 23. Rxc7 Bxh3 24. Nxe5 Bf5 25. Rd1 $16) 22... Bf5 (22... Bxh3 $6 23. gxh3
Rxf3 24. Rc8+ Rf8 25. Rxf8+ Kxf8 26. Rc8+ Ke7 27. Rh8 Kd7 28. Nc3 e4 29. Kf1
$16) 23. Rxd5 (23. Nc7 Bxc7 24. Rxc7 $16) 23... a6 24. Nd6 Bxh3 25. Nxe5 Be6
26. Rd2 Rd8 27. Rcd1 Bc7 28. Nc6 Rd7 29. Nb7 Rxd2 30. Rxd2 Re8 31. Kf1 (31.
Nbd8 Bc8) 31... Kf8 32. Nc5 Bc8 33. Na7 $1 Ba5 (33... Bb6 34. Nd7+ Bxd7 35.
Rxd7 $18) 34. Rd1 Bf5 35. f3 Rd8 36. Rxd8+ Bxd8 37. Nc6 Bb6 38. b4 Ke8 39. Ke2
Bc8 40. Kd3 h5 41. Kc4 h4 42. Kd5 Bf5 (42... h3 43. gxh3 Bxh3 44. Nxa6 Bg2 45.
Ke4 g5 46. Ne5 $18) 43. a4 $1 (43. Nxa6 Bd3 44. Nc5 Bf1 $132) 43... Bxc5 44.
bxc5 Kd7 (44... Bd3 45. Ne5 Bf1 46. Ng6 Bxg2 47. Nxh4 $18) 45. Ne5+ (45. Nd4)
45... Kc7 46. f4 a5 47. Nf3 Bd7 48. Nxh4 Bxa4 49. Kc4 $1 Bd7 (49... Bc2 50. Nf3
Be4 51. Kb5 $18) 50. Ng6 Bf5 51. Ne5 Bc2 52. g3 Kb7 53. Kb5 a4 54. Kb4 Bd1 55.
g4 $1 Kc7 56. g5 Bc2 57. Nf3 $1 Bd1 58. Nd4 Kd7 (58... g6 59. f5 gxf5 60. g6
Bh5 61. g7 Bf7 62. Nxf5 Kc6 63. Nd4+ Kd5 64. c6 Kd6 65. Kxa4 $18) 59. f5 Ke7
60. Ka3 $1 Kf7 (60... Kd7 61. g6 Ke7 62. c6 $18) 61. c6 Ke7 62. g6 (62. g6 Kd6
63. f6 $18) 1-0

[Event "WchT 7th"]
[Site "Bursa"]
[Date "2010.01.08"]
[Round "4.1"]
[White "Onischuk, Alexander"]
[Black "Adly, Ahmed"]
[Result "1-0"]
[WhiteElo "2670"]
[BlackElo "2591"]
[Annotator "Ftacnik,L"]
[PlyCount "131"]
[EventDate "2010.01.05"]
[EventType "team-tourn"]
[EventRounds "9"]
[EventCountry "TUR"]
[SourceTitle "CBM 134"]
[Source "ChessBase"]
[SourceDate "2010.01.18"]
[SourceVersion "1"]
[SourceVersionDate "2010.01.18"]
[SourceQuality "1"]
[WhiteTeam "US of America"]
[BlackTeam "Egypt"]
[WhiteTeamCountry "USA"]
[BlackTeamCountry "EGY"]

1. d4 d5 2. c4 e6 3. Nc3 Nf6 4. Nf3 c6 5. e3 Nbd7 6. Qc2 Bd6 7. Bd3 O-O 8. O-O
dxc4 9. Bxc4 e5 10. Rd1 Qe7 11. h3 e4 12. Ng5 Nb6 13. Bb3 Bf5 14. f3 Rae8 15.
Ngxe4 Nxe4 16. fxe4 Bxe4 17. Nxe4 Qxe4 18. Qxe4 Rxe4 19. Bc2 {The long forced
line is a bit problematic for Black. The skirmish around the e4-pawn
eliminates the problems of the complex middlegame. Black has to defend a
somewhat inferior position against White's bishop pair.} Re7 (19... Ree8 20. e4
Rd8 21. Bg5 Rd7 (21... f6 22. Bb3+ Kh8 23. Bh4 Bf4 (23... c5 $6 24. e5 Be7 25.
d5 g5)) 22. Rab1 Re8 23. Kf2 $13 {1-0 Gurevich,M (2605)-Bareev,E (2660)/Biel
1993}) 20. e4 Rfe8 (20... f6 21. Be3 (21. b3 Rd8 22. Bb2 Red7 23. a3 c5 24. e5
fxe5 25. dxe5 Be7 26. Rxd7 Rxd7 27. Bf5 Rd2 28. Bc3 Re2 29. Rf1 $16 {1-0
Kuljasevic,D (2464)-Lugo,B (2411)/ICC INT 2007 (62)}) 21... Rfe8 22. Bf2 Rd7
23. a4 a5 24. Be1 Kh8 25. b3 Ra8 26. Kf2 c5 27. Kf3 cxd4 28. Rxd4 Bb4 29. Rxd7
Nxd7 30. Bxb4 axb4 31. Rd1 $14 {1-0 Ftacnik,L (2585)-Lingnau,C (2425)/
Pardubice 1997 (68)}) (20... h6 21. Rb1 Rd8 22. Be3 Nd5 {1/2-1/2 Ivanov,T 
(2433)-Guempel,V (2315)/Novosibirsk 2003}) 21. a4 Rxe4 $5 {The sacrifice of
the exchange is a radical measure, but Black's position will become rock solid.
} (21... c5 22. e5 Bc7 23. Bg5 $16) 22. Bxe4 Rxe4 23. Bd2 $1 Nd5 {In future
games Black may try to be more consequent and complicate White's task with the
move 23...f5!?} (23... Rxd4 24. Be3 Rd5 25. Rxd5 Nxd5 26. Bxa7 $16) (23... f5
$5 24. Re1 (24. Bc3 Bg3 25. Rd3 f4 $11) 24... Rxd4 25. Be3 Rxa4 26. Rxa4 Nxa4
27. Rd1 Be5 28. b3 Nc3 29. Rd8+ Kf7 30. Rd7+ Ke6 31. Rxb7 a5 $14) 24. Re1 Re7 (
24... Rxd4 25. Re8+ Bf8 26. Be1 f5 27. Bf2 Rc4 28. Rb8 b6 29. Re1 Kf7 30. Rb7+
Kf6 31. b3 $16) 25. Rxe7 Bxe7 26. a5 (26. Kf1 Bf6 27. Re1 Kf8 28. Re4 $16)
26... Bf6 27. Ra4 Kf8 28. Rc4 Ke7 (28... a6 29. g4 g6 30. Kf2 Ke7 31. Ke2 Ke6
32. Kd3 $16) 29. a6 $5 {[%mdl 4096] Onischuk is striving to create some
targets for his rook, but a conservative centralisation of the king might have
been even stronger.} (29. Kf2 Ke6 30. Ke2 $16) 29... bxa6 (29... b5 30. Rxc6
Bxd4+ 31. Kf1 Bxb2 32. Rc5 Ke6 33. Rxb5 $16) 30. Bc3 Kd6 31. Ra4 Nc7 32. Kf2
Kd5 33. Ke3 Nb5 $6 {Adly will have understood very well, that his position is
clearly endangered and was desperately looking for counterplay. My feeling
tells me, that forcing the matters with the grabbing of the d4-pawn is
hastening his downfall.} (33... c5 34. dxc5 Bxc3 35. bxc3 Kxc5 36. Kd3 $16) (
33... Be7 34. Kd3 g6 35. g4 $16) 34. Kd3 Bh4 35. Rxa6 f5 36. Bb4 Bf6 (36...
Nxd4 37. Rxa7 c5 38. Rxg7 $18) 37. Bc5 Nxd4 (37... Bxd4 38. Bxd4 Nxd4 39. Rxa7
Ne6 40. Rd7+ Ke5 41. Kc4 $18) 38. Bxd4 Bxd4 39. Ra5+ c5 40. b3 h5 41. Rxa7 {
In the end Black is left with just one pawn for the exchange and very dim
chances of holding.} h4 (41... Bf6 42. h4 Ke6 43. Kc4 Bxh4 44. Rxg7 $16) 42.
Rd7+ Ke6 (42... Kc6 43. Rf7 (43. Rxd4 $2 cxd4 44. Kxd4 Kd6 45. b4 g5 46. b5 g4
$11) 43... Bf6 44. Kc4 $18) 43. Rc7 Kd6 (43... Kd5 44. b4 $1 Kd6 45. Rc8 Kd7
46. Rf8 $18) 44. Rc8 Kd7 45. Ra8 Bf6 46. Ra6 $1 {Cutting off the king on the
7th rank is opening up access for White's royalty.} Bg5 (46... Kc7 47. Kc4 Be7
48. Kd5 $18) 47. Ra7+ Ke6 48. Rxg7 Bf4 49. Ra7 Kd5 50. Ra5 Bc7 51. Rb5 Bd6 {
Black is resisting without any pawn for his missing exchange. Objectively his
quest his hopeless.} (51... Kc6 52. Kc4 Bb6 53. b4 cxb4 54. Rxf5 $18) 52. Ke3
Kc6 53. Ra5 Kb6 54. Ra4 Bg3 55. Kd3 Kb5 56. Ra7 Kb6 (56... Kb4 57. Rb7+ Ka3 58.
Kc4 Bf2 59. Rf7 $18) 57. Rf7 Kb5 (57... f4 58. Kc4 Kc6 59. Rf6+ $18) 58. Rxf5
Kb4 59. Kc2 c4 (59... Kb5 60. Rf7) 60. bxc4 Kxc4 61. Kd2 {The white king can
not be prevented from reaching the h4-pawn.} Kd4 62. Ke2 Ke4 63. Ra5 Kf4 64.
Ra4+ Kf5 65. Kf3 Be1 66. Rc4 (66. Rc4 Bg3 67. Rc5+ Kf6 68. Kg4 $18) 1-0